A topical approach to life-span development /

में बचाया:
ग्रंथसूची विवरण
मुख्य लेखक: Santrock, John W
स्वरूप: पुस्तक
भाषा:Vietnamese
प्रकाशित: "MH Higher Education" 2005
टैग : टैग जोड़ें
कोई टैग नहीं, इस रिकॉर्ड को टैग करने वाले पहले व्यक्ति बनें!
Thư viện lưu trữ: Mạng thư viện Đại học Đà Nẵng
LEADER 00639nam a2200265 4500
001 000028176
003 SA-05
005 20150403120000.0
008 150403s vm 000 vie
020 |c 0,0000 
040 |a notts 
100 |a Santrock, John W 
245 |a A topical approach to life-span development /  |c John W. Santrock. 
260 |b "MH Higher Education"  |c 2005 
OWN |a LTT 
999 |a From the UDN01 
TYP |a Monograph 
TYP |a Printed language 
980 |a Mạng thư viện Đại học Đà Nẵng